000 00829cam a2200241 a 4500
001 77036
005 20180307085105.0
008 951218s1996 dcu 000 0 eng
010 _a 95081631
020 _a0883850982
040 _aDLC
_cDLC
_dDLC
041 _aeng
042 _apcc
043 _an-us---
080 _a515.071073 swo
082 0 0 _a515.071073 swo
_221
100 _a38
101 _amat
245 0 0 _aCalculus :
_cprepared by the CUPM Subcommittee on Calculus Reform and the First Two Years, A. Wayne Roberts, chair ; with the special help of four members ... .
906 _a7
_bcbc
_corignew
_d2
_eopcn
_f19
_gy-gencatlg
942 _2ddc
_cBK
999 _c44324
_d44324